| 000 | 00540nam a2200169 i 4500 | ||
|---|---|---|---|
| 001 | 29890 | ||
| 003 | ES-MaACL | ||
| 005 | 20230906154115.0 | ||
| 007 | t| | ||
| 008 | 030123s1928 sp ||||1| spa d | ||
| 245 | 0 | 0 | _aBases del concurso de anteproyectos y proyectos para reconstrucción del edificio La Paheria. |
| 260 |
_a[S.l. : _bs.n-, _c1928] ( _eLérida : _fM. Coca) |
||
| 300 |
_a16 p. ; _c21 cm. |
||
| 500 | _aPrecede al tít.: Ayuntamiento de Lérida. | ||
| 710 | 1 |
_aLérida. _bAyuntamiento. _95496 |
|
| 852 |
_aES-MaACL _j1729-F-17 |
||
| 999 |
_c29890 _d29890 |
||